000 005300000a22001810004500
003 MACL
005 20160402115903.0
008 160402b xxu||||| |||| 00| 0 eng d
040 _aMACL
_cMACL
041 _aHindi
082 _a340
100 _aएडवोकेट कृष्‍णावतार खण्‍डेलवाल
_949924
245 _aकानूनी सलाह
260 _bअनु प्रकाशन
_c2007
_aजयपुर
350 _a300
650 _aLaw
_949925
942 _cHIN
_k340
_2ddc
999 _c11162
_d11162